000 00835nam a22002771a 4500
001 34351
003 BD-RjUL
005 20211209052138.0
008 140515s1964 nyu b 001 0 eng
035 _a(BD-RjUL)34445
035 _a(OCoLC)265097
040 _aDLC
_cODaWU
_dUk
_dOCoLC
_dTJoS
_dDLC
_dBD-RjUL
_beng
041 _aeng
051 _cAnother issue.
082 _a307.76
_bANO 1964
100 1 _aAnderson, Nels,
_d1889-1986.
_9104192
245 1 0 _aOur industrial urban civilization /
_cNels Anderson.
260 _aNew York :
_bAsia Publishing House,
_cc1964.
300 _a113 p. ;
_c 23 cm.
490 1 _aEssays in social sciences ;
_vno. 1
504 _aIncludes bibliographical references and index.
650 0 _aSociology, Urban.
_9104458
942 _2ddc
_cBK
999 _c34351
_d34351